• 首页
  • 本馆介绍
  • 公告通知
  • 最新文献
  • 馆藏检索
  • 电子资源
  • 读者导购
  • 参考咨询
  • 我的图书馆
  • 登录
  • 详细信息显示
  • 放入我的书架
  • 预约/预借图书
  • 作者相关作品
  • 分类相关作品
  • 丛书相关作品
  • 出版社相关作品

书目信息

  • 表格格式
  • 工作单格式
  • 卡片格式
题名:
实用文体写法
    
 
作者: 师远钟 主编
分册:  
出版信息: 北京   知识出版社  1992.6
页数: 200页
开本: 19cm
丛书名: 小学生作文方法大观
单 册:
中图分类: G624.24
科图分类:
主题词: 作文--小学--教学参考资料
电子资源:
ISBN: 7-5015-0678-7
000 00782nam2 2200265 450
001 0100388358
005 20020928000000.0
010    @a7-5015-0678-7@dCNY2.65
011    @a7-5015-0678-7
100    @a19930120d1992 cemy0chiy0110 ea
101 0  @achi
102    @aCN@b110000
105    @ay z 000yy
106    @ar
200 1  @a实用文体写法@9Shi Yong Wen Ti Xie Fa @f师远钟主编@b专著
210    @a北京@c知识出版社@d1992.6
215    @a200页@d19cm
225 2  @a小学生作文方法大观
330    @a本书介绍了小学生应掌握的各种实用文体的格式和写法。
410  0 @12001 @a小学生作文方法大观
606 0  @a作文@x小学@x教学参考资料
690    @aG624.24@v三版
701  0 @a师远钟@9shi yuan zhong@4主编
801  0 @aCN@bAiZhiMarc@c19930120
905    @aBZT@dG624.24@e4@f3@sG624.24/4
    
    实用文体写法/师远钟主编.-北京:知识出版社,1992.6
    200页;19cm.-(小学生作文方法大观)
    
    
    ISBN 7-5015-0678-7:CNY2.65
    本书介绍了小学生应掌握的各种实用文体的格式和写法。
●
相关链接 在五车中查询图书 在当当中查询图书 在豆瓣中查询图书


正题名:实用文体写法     索取号:G624.24/4         预约/预借

序号 登录号 条形码 馆藏地/架位号 状态 备注
1 2000107051   2000107051   旧书回溯/ [索取号:G624.24/4] 在馆    
2 2000107052   2000107052   旧书回溯/ [索取号:G624.24/4] 在馆    
3 2000112335   2000112335   旧书回溯/ [索取号:G624.24/4] 在馆    
山东省滨州职业学院图书馆 欢迎您!
大连网信软件有限公司© 版权所有